| 000 | 01011nam a2200253 a 4500 | ||
|---|---|---|---|
| 001 | 000009015 | ||
| 005 | 20200929161449.0 | ||
| 008 | 090923s1984 dr ac 001 0bspa d | ||
| 040 |
_aDO-SdBNP _bspa _cBNPHU |
||
| 082 |
_a133.8 _bA388t |
||
| 100 | 1 |
_aAlfonseca Caamaño, Mercedes _923641 |
|
| 245 | 1 | 0 |
_aEn el terreno de lo insólito : _blos extraños sucesos ocurridos a Delfina Marte entre los años 1964-1967 / _cMercedes Alfonseca Caamaño; prólogo Miguel Ángel Chaves. |
| 260 |
_aSanto Domingo : _bNuevas Rutas, _c1984. |
||
| 300 |
_a259, [30] p. : _bil., retrs. ; _c22 cm. |
||
| 500 | _aIncluye bibliografía y notas al pie de páginas. | ||
| 590 | _aInventariado, 2018/LP | ||
| 600 | 1 | 4 |
_aMARTE, DELFINA, _d1946- _923642 |
| 650 | 4 |
_aParapsicología _92394 |
|
| 650 | 4 |
_aReligión y parapsicología _923643 |
|
| 650 | 4 |
_aPercepción extrasensorial _91462 |
|
| 650 | 4 |
_aAlucinaciones e ilusiones _923644 |
|
| 700 | 1 |
_aChaves, Miguel Ángel, _eprólogo _923645 |
|
| 910 | _aValidado. Control de calidad EMS | ||
| 999 |
_c8779 _d8779 |
||